Inno Della AS Roma Lyrics - Statistics

General Stats
  • This quiz has been taken 23 times
  • The average score is 15 of 23
Answer Stats
Lyrics % Correct
Roma Roma Roma
100%
Roma Roma Roma
100%
Roma Roma Roma
100%
Core de 'sta città
73%
Core de 'sta città
73%
De tanta e tanta ggente
73%
De tanta e tanta ggente
73%
Unico grande amore
73%
Unico grande amore
73%
Gialla come er sole
64%
Roma Roma bella
64%
Roma Roma mia
64%
T'ho dipinta io
64%
Che fai sospirà
55%
E grande hai da restà
55%
Rossa come er core mio
55%
Tu sei nata grande
55%
C'hai fatto 'nnamorà
45%
Da 'sta voce nasce un coro
45%
Lassace cantà
45%
M'hai fatto 'nnamorà
45%
Nun te fà 'ncanta
45%
So' centomila voci
45%
No matching quizzes found
Score Distribution
Percent of People with Each Score
Percentile by Number Answered
Your Score History
You have not taken this quiz